Visualizzazione normale
Vista MARC
- Vento Pacifico
di Personal Name
Records bibliografici associati: 1
001 - CONTROL NUMBER
- control field: 6602
003 - CONTROL NUMBER IDENTIFIER
- control field: IT-RoPau
005 - DATE AND TIME OF LATEST TRANSACTION
- control field: 20131222151843.0
008 - FIXED-LENGTH DATA ELEMENTS
- fixed length control field: 131222|| aca||aabn | a|a d
040 ## - CATALOGING SOURCE
- Original cataloging agency: IT-RoPau
- Transcribing agency: IT-RoPau
100 ## - HEADING--PERSONAL NAME
- Personal name: Vento Pacifico
- Dates associated with a name: Codice autore musica SPICS: 13630
- Relator term: Autore musica
- Name of part/section of a work: Scapricciatello
670 ## - SOURCE DATA FOUND
- Source citation: Work cat.: (IT-RoPau)103681: AA.VV. 794, Souvenir d'Italie (Lp Sm 3029)